000
00231nam a2200085Ia 4500
008
170620s9999 xx 000 0 und d
100
_a
Nambiar- K.K. Vijayan
245
0
_a
Methods for Quality Education
260
_b
New Delhi- Neelkamal Pvt. Ltd.
260
_c
2008
999
_c
25328
_d
25328